On This Day: June 28th II Quiz Stats

 Plays Quiz Updated Jun 28, 2018

Score 0/7 Timer 03:00
0 Plays Today
Question Answer Wrong Answers
The first film in this blockbuster franchise, starring Johnny Depp, Orlando Bloom, and Keira Knightley, premiers at Disneyland.
2003
Pirates of the Caribbean
97.2%
Transformers
0.3%
The Fast and the Furious
0.4%
The Lord of the Rings
0.9%
President Franklin Roosevelt orders that a federal gold vault be built at this now famous army base in Kentucky.
1935
Ft. Knox
95.6%
Ft. Bragg
1.9%
Ft. Campbell
1%
Ft. Hood
1%
This US holiday, sometimes considered an unofficial end to summer, is first established for US federal employees.
1894
Labor Day
88%
Memorial Day
6.8%
Columbus Day
2.7%
Veterans Day
2%
The final draft of this famous document, primarily written by Thomas Jefferson, is submitted for consideration to the Continental Congress.
1776
Declaration of Independence
86%
United States Constitution
8.6%
Bill of Rights
3.2%
Articles of Confederation
2.2%
This actress, who won an Academy Award for Best Actress for her role in Misery, is born.
1948
Kathy Bates
82.7%
Meryl Streep
10.2%
Jodie Foster
3.3%
Susan Sarandon
2.9%
This queen, who was only 18 at the time and would rule for 63 years, is crowned at Westminster Abbey
1838
Victoria
78.9%
Elizabeth I
10.9%
Elizabeth II
8.1%
Mary
1.8%
Police raid the Stonewall Inn in the Greenwich Village neighborhood of this city, setting off days of protests now often seen as the start of the gay rights movement.
1969
New York City
73.1%
Chicago
1.4%
San Francisco
19.1%
London
5.2%

You're not logged in!

Compare scores with friends on all Sporcle quizzes.
OR
Log In

Sporcle TV

Today on Sporcle TV


Watch our educational content, quiz creation guides, and fun videos on Sporcle TV.

Show Comments

Extras

Top Quizzes Today


Score Distribution

Your Account Isn't Verified!

In order to create a playlist on Sporcle, you need to verify the email address you used during registration. Go to your Sporcle Settings to finish the process.

Report this User

Report this user for behavior that violates our Community Guidelines.

Details: